Language Quiz

Random Language Quiz

Words Ending in Hua Quiz Stats

 Plays Quiz not verified by Sporcle

Challenge
Share
Tweet
Embed
Score 0/9 Timer 03:00
0 Plays Today
Clue Word % Correct
Dawson's Creek actor, _______ Jackson or ______ Tree National ParkJoshua
86.7%
Mexican border state and its famous tiny dogsChihuahua
80%
Natives indians of Mexico who speak NahuatlNahua
53.3%
New Hampshire's second largest cityNashua
40%
Natives indians and language of northern Andean South AmericaQuechua
26.7%
Jesus name in HebrewYeshua
26.7%
Mountain and National Monument in Arizona named after the Apache bandsChiricahua
13.3%
Prefecture-level city in Zhejiang province, ChinaJinhua
6.7%
City in Taiwan famous for his massive Buddha statueChanghua
6.7%

You're not logged in!

Compare scores with friends on all Sporcle quizzes.
OR
Log In

You Might Also Like...

Show Comments

Extras

Created Jan 21, 2017ReportNominate
Tags:ending

Top Quizzes Today


Score Distribution

Your Account Isn't Verified!

In order to create a playlist on Sporcle, you need to verify the email address you used during registration. Go to your Sporcle Settings to finish the process.

Report this User

Report this user for behavior that violates our Community Guidelines.

Details: